Most Successful Countries in World Football - Statistics

General Stats
  • This quiz has been taken 41 times
  • The average score is 9 of 10
Answer Stats
Trophies Country % Correct
18 Brazil
100%
9 Germany
100%
22 Argentina
97%
7 Spain
97%
9 France
94%
7 Italy
91%
10 USA
82%
13 Mexico
79%
19 Uruguay
74%
7 Egypt
53%
No matching quizzes found
Score Distribution
Percent of People with Each Score
Percentile by Number Answered
Your Score History
You have not taken this quiz